Relationship Value in Russian Business Markets: (Record no. 13515)
[ view plain ]
| 000 -LEADER | |
|---|---|
| fixed length control field | 00914nam a22001937a 4500 |
| 008 - FIXED-LENGTH DATA ELEMENTS--GENERAL INFORMATION | |
| fixed length control field | 100228s2009 gw|||||| ||| 00| 0cng dd |
| 020 ## - INTERNATIONAL STANDARD BOOK NUMBER | |
| International Standard Book Number | 9783838320762 |
| 082 ## - DEWEY DECIMAL CLASSIFICATION NUMBER | |
| Edition number | 22 |
| Classification number | 658.8947 |
| Item number | GEB |
| 100 ## - MAIN ENTRY--PERSONAL NAME | |
| 9 (RLIN) | 11928 |
| Personal name | ElGebali, Marwa |
| 245 ## - TITLE STATEMENT | |
| Title | Relationship Value in Russian Business Markets: |
| Remainder of title | A Value Cocnept Approach/ |
| Statement of responsibility, etc | Marwa ElGebali |
| 260 ## - PUBLICATION, DISTRIBUTION, ETC. (IMPRINT) | |
| Place of publication, distribution, etc | Saarbrucken : |
| Name of publisher, distributor, etc | Lambert Academic Pub., |
| Date of publication, distribution, etc | 2009 |
| 300 ## - PHYSICAL DESCRIPTION | |
| Extent | 316p. : |
| Other physical details | ill. ; |
| Dimensions | 22cm. |
| 504 ## - BIBLIOGRAPHY, ETC. NOTE | |
| Bibliography, etc | Includes bibliographical references (p.212-256) and index |
| 541 ## - IMMEDIATE SOURCE OF ACQUISITION NOTE | |
| Source of acquisition | Bacca ; |
| 650 ## - SUBJECT ADDED ENTRY--TOPICAL TERM | |
| 9 (RLIN) | 11929 |
| Topical term or geographic name as entry element | Marketing |
| Geographic subdivision | Russia |
| 942 ## - ADDED ENTRY ELEMENTS (KOHA) | |
| Source of classification or shelving scheme | Dewey Decimal Classification |
| Item type | Book - Borrowing |
| Withdrawn status | Item status | Source of classification or shelving scheme | Damaged status | Not for loan | Vendor | Home library | Current library | Shelving location | Date acquired | Source of acquisition | Total Checkouts | Full call number | Barcode | Date last seen | Date last borrowed | Koha item type |
|---|---|---|---|---|---|---|---|---|---|---|---|---|---|---|---|---|
| Dewey Decimal Classification | Baccah | Central Library | Central Library | First floor | 28/02/2010 | 1 | 658.8947 GEB | 000019973 | 15/07/2025 | 21/03/2010 | NB - Book (Non borrowing) | |||||
| Dewey Decimal Classification | Baccah | Central Library | Central Library | First floor | 10/03/2011 | 1 | 658.8947 GEB | 000022867 | 15/07/2025 | 07/11/2013 | Book - Borrowing |